1644 1773 1112 1366 1375 1477 1214 1682 1794 1300 1830 1152 1138 1832 1811 1885 1108 1946 1901 1029 1423 1907 1496 1247 1517 1845 2000 1981 1427 1176 1761 1693 1718 1089 1950 1895 1626 1010 1389 1410 1806 1253 1252 1944 1045 1919 1180 1676 1250 1518 1885 1572 1214 1631 1840 1510 1297 1451 1996 1230 1513 1847 1760 1593 1287 1208 1523 1682 1363 1340 1355 1848 1613 1202 1693 1650 1580 1900 1019 1349 1602 1478 1339 1862 1473 1905 1052 1480 1051 1274 1113 1950 1420 1033 1341 1746 1942 1068 1385 BCNSPRNW ULIB Ver.6.0+V

เปลี่ยนเป็นภาษาไทย

Change to English
 แสดงรายละเอียดบรรณานุกรม
  กลับหน้าหลัก

Brief Record : Get Marc (ISO 2709) : E-mail record : QR code < ปิดหน้าต่าง
LEADER : 00000nam 2200000uu 4500
001    13399123232
003     ULIB
008    020711s2554 th a 000 0 tha d
050 14 LB1027^bส111ค
110    กระทรวงการท่องเที่ยวและกีฬา.^bกรมพลศึกษา.^bสถาบันพัฒนาบุคลากรการพลศึกษาและการกีฬา.
245    คู่มือผู้ฝึกสอนกีฬาแบดมินตัน/^cสถาบันพัฒนาบุคลากรการพลศึกษาและการกีฬา
260    กรุงเทพฯ :^bโรงพิมพ์สหกรณ์การเกษตรแห่งประเทศไทย,^c2554
300    121 หน้า;^b26 ซม.
650    แบดมินตัน
945    ^p0^l0^i20363
999    ^aทศพร เกษรทอง
รายการนี้ยังไม่มีแท็ก
คุณยังไม่ได้ล็อกอิน คุณสามารถมีกิจกรรมร่วมกับเว็บไซต์ได้ แต่ต้องล็อกอินก่อน ::
  ล็อกอิน

รายการสื่อสารสนเทศ

ลำดับที่ ประเภท เลขเรียก/บาร์โค้ด สถานที่ สถานะ
1. การศึกษาทั่วไป
การศึกษาทั่วไป
LB1027 ส111ค ฉ.1 
  Barcode: 20363
ห้องสมุดวิทยาเขตนครสวรรค์
►หนังสือทั่วไป:l:General Books
บนชั้น
Note:อภินันทนาการ

BibComment


ยังไม่เคยถูกคอมเมนท์

คอมเมนท์ทรัพยากรรายการนี้
  คอมเมนท์: คู่มือผู้ฝึกสอนกี..


 Copyright 2026. Bcnsprnw @Library